00246nam a2200109Ia 4500008004100000100002000041245002000061260001700081650001400098942000700112999001700119190216s9999||||xx |||||||||||||| ||und|| aThayat Sankaran 0aChinda Sourabam bNbs Kottayam aKavithkal cBK c25354d25354